[Event "Wch U08"]
[Site "Montesilvano"]
[Date "2024.11.26"]
[Round "11"]
[White "Kakagiannis, Stylianos"]
[Black "Chanishvili, Noa"]
[Result "1/2-1/2"]
[WhiteElo "1423"]
[BlackElo "1553"]
[PlyCount "46"]
[EventDate "2024.11.15"]
[EventType "swiss"]
[EventRounds "11"]
[EventCountry "ITA"]
[SourceTitle "CB48_2024"]
[SourceDate "2024.11.28"]
[SourceVersion "1"]
[SourceVersionDate "2024.11.28"]
[SourceQuality "1"]

1. e4 c6 2. d4 d5 3. exd5 cxd5 4. Bd3 Nc6 5. c3 Qc7 6. h3 Nf6 7. Nf3 e6 8. Nbd2 Bd6 9. Nb3 Bd7 10. Be3 h6 11. Rc1 Rc8 12. 0-0 0-0 13. Qd2 Rfe8 14. Rfe1 Na5 15. Nxa5 Qxa5 16. a3 Bb5 17. Bxb5 Qxb5 18. Rc2 Ne4 19. Qc1 Rc7 20. Bf4 Rc6 21. Bxd6 Nxd6 22. Nd2 Nc4 23. Nxc4 Qxc4 1/2-1/2

[Event "Wch U08"]
[Site "Montesilvano"]
[Date "2024.11.23"]
[Round "8"]
[White "Chanishvili, Noa"]
[Black "Sahin, Bora"]
[Result "0-1"]
[WhiteElo "1553"]
[BlackElo "1703"]
[PlyCount "120"]
[EventDate "2024.11.15"]
[EventType "swiss"]
[EventRounds "11"]
[EventCountry "ITA"]
[SourceTitle "CB48_2024"]
[SourceDate "2024.11.28"]
[SourceVersion "1"]
[SourceVersionDate "2024.11.28"]
[SourceQuality "1"]

1. d4 d5 2. Nf3 Nf6 3. Bf4 Bf5 4. c4 c6 5. Qb3 Qb6 6. Qxb6 axb6 7. Bxb8 Rxb8 8. e3 e6 9. Nbd2 Ra8 10. a3 Ne4 11. Nxe4 Bxe4 12. Nd2 Bg6 13. cxd5 exd5 14. Be2 b5 15. 0-0 Bd6 16. Nf3 0-0 17. Rfc1 Ra5 18. Ra2 b4 19. a4 b3 20. Raa1 Rfa8 21. Bd1 Rxa4 22. Rxa4 Rxa4 23. Bxb3 Rb4 24. Ra1 Rxb3 25. Ra8+ Bf8 26. Ne5 Rxb2 27. h3 Bf5 28. g4 Be6 29. Rb8 Rb6 30. f4 g6 31. Re8 Kg7 32. h4 Bd6 33. g5 Bxe5 34. fxe5 Rb2 35. Re7 Re2 36. Rxb7 Rxe3 37. Rc7 Re4 38. Rxc6 Rxd4 39. Kf2 Rxh4 40. Rc3 Re4 41. Re3 Rxe3 42. Kxe3 h6 43. Kf4 hxg5+ 44. Kxg5 Bf5 45. Kf4 Kf8 46. Ke3 Ke7 47. Kf3 Ke6 48. Kf4 d4 49. Kf3 Kxe5 50. Ke2 Ke4 51. Kd2 d3 52. Kd1 Ke3 53. Ke1 d2+ 54. Kd1 Bg4+ 55. Kc2 d1Q+ 56. Kc3 Qc1+ 57. Kb3 Kd4 58. Kb4 Qb1+ 59. Ka5 Kc5 60. Ka6 Qb6# 0-1

[Event "GER-ch U08"]
[Site "Willingen"]
[Date "2024.05.24"]
[Round "6"]
[White "Schimming, Wilhelm"]
[Black "Chanishvili, Noa"]
[Result "1-0"]
[WhiteElo "1242"]
[BlackElo "1106"]
[PlyCount "31"]
[EventDate "2024.05.22"]
[EventType "swiss"]
[EventRounds "7"]
[EventCountry "GER"]
[SourceTitle "CBM 220 Extra"]
[Source "ChessBase"]
[SourceDate "2024.07.31"]
[SourceVersion "1"]
[SourceVersionDate "2024.07.31"]
[SourceQuality "1"]

1. e4 d5 2. exd5 Qxd5 3. Nc3 Qa5 4. d4 c6 5. Nf3 Bg4 6. h3 Bh5 7. Be2 e6 8. 0-0 Bd6 9. Ne4 Be7 10. Bg5 Bxg5 11. Nfxg5 Bxe2 12. Qxe2 Qc7 13. Qf3 h6 14. Nd6+ Ke7 15. Qxf7+ Kd8 16. Nxe6# 1-0

[Event "GER-ch U08"]
[Site "Willingen"]
[Date "2024.05.22"]
[Round "2"]
[White "Mudriievskyi, Jan"]
[Black "Chanishvili, Noa"]
[Result "1-0"]
[WhiteElo "1672"]
[BlackElo "1106"]
[PlyCount "83"]
[EventDate "2024.05.22"]
[EventType "swiss"]
[EventRounds "7"]
[EventCountry "GER"]
[SourceTitle "CBM 220 Extra"]
[Source "ChessBase"]
[SourceDate "2024.07.31"]
[SourceVersion "1"]
[SourceVersionDate "2024.07.31"]
[SourceQuality "1"]

1. e4 d5 2. exd5 Qxd5 3. Nc3 Qa5 4. d4 c6 5. Bc4 Nf6 6. Bd2 Qc7 7. Nf3 Bg4 8. 0-0 e6 9. Qe2 Bd6 10. h3 Bh5 11. Qe3 Nbd7 12. Rfe1 0-0 13. Ne5 Rad8 14. a4 Nb6 15. Bb3 Bxe5 16. dxe5 Nfd5 17. Nxd5 Nxd5 18. Qxa7 Nb6 19. Ba5 Nc8 20. Bxc7 Nxa7 21. Bxd8 Rxd8 22. g4 Bg6 23. Rad1 Rc8 24. Rd7 Rb8 25. Red1 h6 26. Rd8+ Rxd8 27. Rxd8+ Kh7 28. Rd7 Nc8 29. Rxb7 c5 30. Rc7 Nb6 31. Rxc5 Nd7 32. Rc7 Nxe5 33. a5 Nf3+ 34. Kg2 Be4 35. Kf1 Nd2+ 36. Ke2 Nf3 37. a6 Nd4+ 38. Ke3 Nb5 39. Rxf7 Bg2 40. f3 Bxh3 41. a7 Nxa7 42. Rxa7 1-0